Why psychology needs theology : (Record no. 3502)
[ view plain ]
| 000 -LEADER | |
|---|---|
| fixed length control field | 00726cam a22002174a 4500 |
| 001 - CONTROL NUMBER | |
| control field | 13837972 |
| 005 - DATE AND TIME OF LATEST TRANSACTION | |
| control field | 20250206170541.0 |
| 008 - FIXED-LENGTH DATA ELEMENTS--GENERAL INFORMATION | |
| fixed length control field | 050110s2005 miua b 000 0 eng |
| 020 ## - INTERNATIONAL STANDARD BOOK NUMBER | |
| International Standard Book Number | 0802829074 (pbk. : alk. paper) |
| 050 00 - LIBRARY OF CONGRESS CALL NUMBER | |
| Classification number | BR110 |
| Item number | .W49 2005 |
| 082 00 - DEWEY DECIMAL CLASSIFICATION NUMBER | |
| Classification number | 261.5/15 |
| Edition information | 22 |
| 245 00 - TITLE STATEMENT | |
| Title | Why psychology needs theology : |
| Remainder of title | a Radical-Reformation perspective / |
| Statement of responsibility, etc. | edited by Alvin Dueck & Cameron Lee. |
| 260 ## - PUBLICATION, DISTRIBUTION, ETC. | |
| Place of publication, distribution, etc. | Grand Rapids, Mich. : |
| Name of publisher, distributor, etc. | William B. Eerdmans Pub., |
| Date of publication, distribution, etc. | c2005. |
| 300 ## - PHYSICAL DESCRIPTION | |
| Extent | xx, 206 p. : |
| Other physical details | ill. ; |
| Dimensions | 23 cm. |
| 650 #0 - SUBJECT ADDED ENTRY--TOPICAL TERM | |
| Topical term or geographic name entry element | Christianity |
| General subdivision | Psychology. |
| 650 #0 - SUBJECT ADDED ENTRY--TOPICAL TERM | |
| Topical term or geographic name entry element | Anabaptists |
| General subdivision | Doctrines. |
| 650 #0 - SUBJECT ADDED ENTRY--TOPICAL TERM | |
| Topical term or geographic name entry element | Psychology and religion. |
| 700 1# - ADDED ENTRY--PERSONAL NAME | |
| Personal name | Dueck, Alvin C., |
| Dates associated with a name | 1943- |
| 700 1# - ADDED ENTRY--PERSONAL NAME | |
| Personal name | Lee, Cameron. |
| 942 ## - ADDED ENTRY ELEMENTS (KOHA) | |
| Source of classification or shelving scheme | Library of Congress Classification |
| Koha item type | Books |
| Suppress in OPAC | No |
| 999 ## - | |
| -- | 3502 |
| -- | 3502 |
| Withdrawn status | Lost status | Source of classification or shelving scheme | Damaged status | Not for loan | Collection | Home library | Current library | Shelving location | Date acquired | Total checkouts | Full call number | Barcode | Date last seen | Copy number | Price effective from | Koha item type |
|---|---|---|---|---|---|---|---|---|---|---|---|---|---|---|---|---|
| Library of Congress Classification | Non-fiction | Business Library (Miotso) | Business Library (Miotso) | General stacks | 03/28/2025 | BR110 .W49 2005 | BSSM00001664 | 03/28/2025 | 2 | 03/28/2025 | Books | |||||
| Library of Congress Classification | Non-fiction | Business Library (Miotso) | Business Library (Miotso) | General stacks | 03/28/2025 | BR110 .W49 2005 | BSSM00001665 | 03/28/2025 | 3 | 03/28/2025 | Books | |||||
| Library of Congress Classification | Non-fiction | Graduate Library (Christ Temple) | Graduate Library (Christ Temple) | General stacks | 02/06/2025 | BR 110 WHY | GSCT00000471 | 02/06/2025 | 1 | 02/06/2025 | Books |